Language Quiz

Random Language or Country Quiz

Country Names in Russian Quiz Stats

Quiz Updated Dec 14, 2011

Challenge
Share
Tweet
Embed
Score 0/32 Timer 10:00
0 Plays Today
Name in Russian Name in English % Correct
PоссияRussia
85.9%
АфганистанAfghanistan
80.7%
МексикаMexico
77.2%
Соединённые Штаты АмерикиUnited States
75.9%
ИракIraq
74.5%
МозамбикMozambique
72.4%
ЗимбабвеZimbabwe
68.3%
ГерманияGermany
67.5%
АвстрияAustria
64.3%
ИндонезияIndonesia
63.5%
ИрландияIreland
62.1%
УзбекистанUzbekistan
61.1%
ВенесуэлаVenezuela
60.4%
Шри-ЛанкаSri Lanka
60.3%
ФилиппиныPhilippines
60.3%
БарбадосBarbados
60.2%
Name in Russian Name in English % Correct
ТурцияTurkey
59.9%
Саудовская АравияSaudi Arabia
58.4%
ВьетнамVietnam
58.3%
ТувалуTuvalu
57.9%
НидерландыNetherlands
57.8%
ГондурасHonduras
57.2%
ПарагвайParaguay
57.2%
НауруNauru
56.2%
ИспанияSpain
54.4%
ЛюксембургLuxembourg
54.2%
ЭритреяEritrea
54%
Южно-Африканская PеспубликаSouth Africa
52.9%
ЧилиChile
51.1%
ЯпонияJapan
48.3%
ЛитваLithuania
45.5%
ВенгрияHungary
36.1%

You're not logged in!

Compare scores with friends on all Sporcle quizzes.
Sign Up with Email
OR
Log In

You Might Also Like...

Show Comments

Extras

Top Quizzes Today


Score Distribution

Your Account Isn't Verified!

In order to create a playlist on Sporcle, you need to verify the email address you used during registration. Go to your Sporcle Settings to finish the process.